Η διερεύνηση της σχέσης ανθρώπου- φύσης στο λαϊκό παραμύθι : διπλωματική εργασία [μεταπτυχιακή]
Αποθηκεύτηκε σε:
| Κύριος συγγραφέας: | |
|---|---|
| Άλλοι συγγραφείς: | , , |
| Μορφή: | Thesis Βιβλίο |
| Γλώσσα: | Greek |
| Δημοσίευση: |
2007.
|
| Θέματα: | |
| Διαθέσιμο Online: | http://hdl.handle.net/11610/15899 |
| Ετικέτες: |
Προσθήκη ετικέτας
Δεν υπάρχουν, Καταχωρήστε ετικέτα πρώτοι!
|
MARC
| LEADER | 00000cam a2200000 i 4500 | ||
|---|---|---|---|
| 001 | 1/77704 | ||
| 008 | 080318s2007 gre d | ||
| 035 | |l 10095549 | ||
| 040 | |a GR-MY-UA |b gre |e aacr | ||
| 041 | 0 | |a gre | |
| 082 | 7 | |a 578.07 |2 (22) | |
| 100 | 1 | |a Τριανταφύλλου, Μαρία. | |
| 245 | 1 | 2 | |a Η διερεύνηση της σχέσης ανθρώπου- φύσης στο λαϊκό παραμύθι : |b διπλωματική εργασία [μεταπτυχιακή] / |c Τριανταφύλλου Μαρία ; Θεοδωροπούλου Έλενα (επιβλέπουσα) ; εξεταστική επιτροπή: Καπλάνογλου Μαριάνθη, Αναστασάτος Νικόλαος. |
| 260 | |c 2007. | ||
| 300 | |a 297 σ. ; |c 30 εκ. | ||
| 500 | |a Περιορισμένη πρόσβαση. | ||
| 502 | |a Διατριβή (μεταπτυχιακή) – Πανεπιστήμιο Αιγαίου, Ρόδος, 2007. | ||
| 504 | |a Περιλαμβάνει βιβλιογραφίες. | ||
| 610 | 2 | 0 | |a University of the Aegean |x Dissertations. |
| 650 | 0 | 0 | |a Nature |x Effect of human beings on |x Juvenile literature. |
| 650 | 0 | 0 | |a Environmental education |x Study and teaching (Elementary) |
| 650 | 0 | 0 | |a Dissertations, Academic |z Greece. |
| 700 | 1 | |a Θεοδωροπούλου, Έλενα Κ. |4 ths | |
| 700 | 1 | |a Αναστασάτος, Νικόλαος Θ. |4 ths | |
| 700 | 1 | |a Καπλάνογλου, Μαριάνθη. |4 ths | |
| 852 | |a INST |b RHODES |c DIATR |e 20080318 |h 578.07 ΤΡΙ |p 005400029533 |q 005400029533 |t MTXE |y 23 | ||
| 852 | |a INST |b RHODES |c DIATR |e 20080318 |h 578.07 ΤΡΙ |p 005400029534 |q 005400029534 |t MTXE |y 23 | ||
| 856 | |u http://hdl.handle.net/11610/15899 | ||
| 901 | |a BIBL4-2008-1 | ||
| 909 | |a Ρ |b 150001 | ||
| 909 | |a Ρ |b 128525 | ||
| 924 | |a ΤΡΙΑΝΤΑΦΥΛΛΟΥ |b ΜΑΡΙΑ |y Ρόδος |z 2008-03 | ||
| 970 | |a ΜΙΣΣΟΣ |b ΣΤΑΥΡΟΣ |z 2008/03/18 | ||